| 000 | 00666nam a22001937a 4500 | ||
|---|---|---|---|
| 005 | 20260415181250.0 | ||
| 008 | 260415b |||||||| |||| 00| 0 eng d | ||
| 020 | _a0345334051 (pbk) | ||
| 040 | _cUE-CL | ||
| 082 |
_a305.42 _bF8871 |
||
| 100 | _aFrench, Marilyn | ||
| 245 |
_aBeyond power on women, men, and morals _c/ Marilyn French |
||
| 260 |
_aNew York: _bBallantine Books, _c1986 |
||
| 300 | _a640 p. | ||
| 505 | _aChapter one: The long view back: Matricentry Chapter Two: The Fall: Patriarchy Chapter Three: Women Under Patriarchy Chapter Four: Men under patriarchy | ||
| 546 | _aEnglish | ||
| 650 | _aBeyond--Power--Women--Men--Morals | ||
| 942 | _cBK | ||
| 999 |
_c26065 _d26064 |
||